The dissent of Nazrul Islam : (Record no. 5612)
[ view plain ]
| 000 -LEADER | |
|---|---|
| fixed length control field | 01303cam a2200169 4500 |
| 001 - CONTROL NUMBER | |
| control field | 6663 |
| 010 ## - LIBRARY OF CONGRESS CONTROL NUMBER | |
| LC control number | 2007388207 |
| 020 ## - INTERNATIONAL STANDARD BOOK NUMBER | |
| International Standard Book Number | 9780198063247. |
| 100 1# - MAIN ENTRY--PERSONAL NAME | |
| Personal name | Mitra, Priti Kumar, |
| Dates associated with a name | 1942-2007. |
| 245 14 - TITLE STATEMENT | |
| Title | The dissent of Nazrul Islam : |
| Remainder of title | poetry and history / |
| Statement of responsibility, etc. | Priti Kumar Mitra. |
| 260 ## - PUBLICATION, DISTRIBUTION, ETC. | |
| Place of publication, distribution, etc. | New Delhi ; |
| Name of publisher, distributor, etc. | Oxford University Press, |
| Date of publication, distribution, etc. | 2007. |
| 300 ## - PHYSICAL DESCRIPTION | |
| Extent | xxiii, 330 p. : |
| Other physical details | ill., maps ; |
| Dimensions | 22 cm. |
| 504 ## - BIBLIOGRAPHY, ETC. NOTE | |
| Bibliography, etc. note | Includes bibliographical references (p. [317]-330). |
| 505 ## - FORMATTED CONTENTS NOTE | |
| Formatted contents note | CONTENTS: List of plates -- Acknowledgements -- Preface - - Transliteration scheme --Dialectics of dissent Reconstructing the 'rebel poet' -- Against muslim and hindu orthodoxies: dissent of the rebel poet -- Against the hegemony of Rabindranath Tagore: dissent of the rebel poet -- The true premise of the rebel poet -- Appendix -- Glossary Bibliography. |
| Miscellaneous information | |
| Statement of responsibility | |
| Title | |
| 520 ## - SUMMARY, ETC. | |
| Summary, etc. | A pioneering work on the life and times of Nazrul Islam with translation of many of his verses, the book focuses on the poet's dissent against the British colonial government in India, the Gandhian non-violent nationalist struggle, Islamic fundamentalism, and Hindu cultural chauvinism, as also the hegemony of Rabindranath Tagore in the world of Bengali literature. |
| 600 00 - SUBJECT ADDED ENTRY--PERSONAL NAME | |
| Personal name | Nazrul Islam, |
| Titles and other words associated with a name | Kazi, |
| Dates associated with a name | 1899-1976 |
| General subdivision | Criticism and interpretation. |
| Withdrawn status | Lost status | Source of classification or shelving scheme | Damaged status | Not for loan | Collection code | Home library | Current library | Shelving location | Date acquired | Serial Enumeration / chronology | Inventory number | Total Checkouts | Full call number | Barcode | Date last seen | Price effective from | Koha item type |
|---|---|---|---|---|---|---|---|---|---|---|---|---|---|---|---|---|---|
| Dewey Decimal Classification | Main TEST | RTC Library | RTC Library | Main opac | 27/11/2018 | 10444 | 891.4 MIT | 30011222 | 27/11/2018 | 27/11/2018 | Main |